000 00621nam a22002057a 4500
005 20171121144902.0
010 _aENG-121528
020 _a9789325992337
_c550.00
035 _aEN-105060
037 _bDBAD/PUB
082 _a581
100 _aPandey,S.N.
245 _aA text of botany /
_cby S.N. Pandey [and] P.S. Trivedi
250 _a12th ed.
260 _aGurgaon
_bLexisNexis
_c2018 (rep.)
270 _a14th Floor, Bldg. No.10, Tower-B, DLF Cyber City, Phase-II
_bGurgaon
_e122002
300 _avol-1(xv,733p.) :
_b25cm(Hb)
_cill.
700 _aTrivedi, P.S.
942 _2ddc
_cEN
_mPAN
_h581
999 _c147613
_d147613